000 00452nam a2200145Ia 4500
003 OSt
005 20260130143444.0
008 211028s2018 xx 000 0 und d
040 _cAIMIT LIBRARY
041 _aeng
100 _aKarkada, Shwetha; D Souza, Rayan.
_g1616192
_97945
245 _aStudy on employee job satisfaction at Kanara wood and plywood industries limited Mangalore /
260 _aMangalore
_bRayan D Souza.
_c2018
942 _2ddc
_cPRO
999 _c219513
_d219513